000 00304nam a22001337a 4500
008 171101b xxu||||| |||| 00| 0 eng d
020 _a9780130176028
041 _aeng
080 _24 ED
_a339
100 _a59
101 _aTRE
245 _aFUTURES AND OPTIONS MARKETS
_cHULL.J.C
942 _2udc
_cBK
999 _c37023
_d37023